000 00466nam a2200181 i 4500
001 bg
100 1 _aGRUCHALSKI, Wiktor
245 0 _aZarys eksploatacji ciągników i maszyn rolniczych /
_cWiktor Gruchalski.
250 _aWyd.3.
260 _aWarszawa,
_c1969.
650 9 _aRolnictwo
_xmaszyny i urządzenia
655 _aPodręczniki
040 _cBPK
041 _apol
080 _a631.3(07)
942 _cKS
008 s pl f |000 0 pol
999 _c10317
_d10317
856 _uhttp://koha.tu.koszalin.pl/cgi-bin/koha/opac-detail.pl?biblionumber=10317
_yKatalog online BPK